1495 1616 1227 1912 1049 1325 1351 1187 1980 1680 1645 1623 1608 1046 1968 1387 1142 1772 1819 1705 1807 1839 1778 1476 1921 1914 1892 1146 1371 1236 1443 1802 1627 1956 1257 1313 1690 1222 1178 1225 1855 1664 1675 1246 1002 1386 1106 1031 1762 1178 1647 1082 1645 1804 1003 1923 1167 1606 1396 1889 1336 1845 1463 1175 1862 1242 1846 1845 1630 1314 1677 1492 1823 1687 1952 1618 1851 1729 1338 1538 1258 1709 1105 1595 1202 1368 1146 1724 1960 1189 1987 1197 1270 1150 1831 1809 1469 1193 1070 BCNSPRNW ULIB Ver.6.0+V

เปลี่ยนเป็นภาษาไทย

Change to English
 แสดงรายละเอียดบรรณานุกรม
  กลับหน้าหลัก

Brief Record : Get Marc (ISO 2709) : E-mail record : QR code < ปิดหน้าต่าง
LEADER : 00000nam 2200000uu 4500
001    13399126505
003     ULIB
008    020711s2014 th a 000 0 eng d
020    ^a9780199689644
060    ^aWY150^bC555G
100    ^aChristine Roffe , Frank Lally
245    ^aGeriatric Medicine: an evidence-based approach
260    ^aUnited States :^bOxford University Press,^c2014
300    ^a221 pages;^b26 cm
650    ^aGeriatric Medicine
945    ^p1836^l0^i004674
999    ^aประนอม เกษจรัล
รายการนี้ยังไม่มีแท็ก
คุณยังไม่ได้ล็อกอิน คุณสามารถมีกิจกรรมร่วมกับเว็บไซต์ได้ แต่ต้องล็อกอินก่อน ::
  ล็อกอิน

รายการสื่อสารสนเทศ

ลำดับที่ ประเภท เลขเรียก/บาร์โค้ด สถานที่ สถานะ
1. Book การพยาบาล
หนังสือสำรอง
สถานะ=หนังสือสำรอง
WY150 C555G ฉ.1 
  Barcode: 004674
ห้องสมุดวิทยาเขตสวรรค์ประชารักษ์
►หนังสือทั่วไป
บนชั้น

BibComment


ยังไม่เคยถูกคอมเมนท์

คอมเมนท์ทรัพยากรรายการนี้
  คอมเมนท์: Geriatric Medici..


 Copyright 2026. Bcnsprnw @Library